00497pab a2200145 454500008004000000100002100040245013900061260000900200300001300209362000800222650003100230650002600261650002100287773004300308180718b2018 xxu||||| |||| 00| 0 eng d aMietzner, Marcus aAuthoritarian elections, state capacity, and performance legitimacy: Phases of regime consolidation and decline in Suharto?s Indonesia c2018 ap.83-96. aJan aState capacity - Indonesia aElections - Indonesia aAuthoritarianism aInternational Political Science Review